000 00621nam a2200241Ia 4500
003 OSt
005 20221005120938.0
006 a|||||r|||| 00| 0
007 ta
008 221004b |||||||| |||| 00| 0 eng d
024 _a63273
037 _cTextual
040 _aCRL
_cCRL
_beng
041 _2eng
_aeng
082 _aW, K72
100 _aJones Roy E
245 0 _aFunctional analysis of politics
_b An introductory discussion
260 _c1967
490 _aLibrary of political studies
650 _aPOLITICAL SCIENCE
942 _hW, K72
_cTEXL
_2cc
999 _c1039631
_d1039631